villes jumelées a Tours - Statistiques

Statistiques générales
  • Ce quiz a été pris 2 fois
  • Le résultat moyen est 5 sur 10
Statistiques - réponses
Pays Année Ville % Correct
Slovénie 1997 Maribor
100%
Roumanie 1990 Brasov
50%
Chine 1982 Luoyang
50%
États unis 1991 Minneapolis
50%
Allemagne 1962 Mühlheim
50%
États unis 1984 Springfield
50%
Japon 1988 Takamatsu
50%
Canada 1987 Trois rivières
50%
Italie 1976 Parma
0%
Espagne 1972 Segovia
0%
Aucun quiz correspondant
Distribution des résultats
% des personnes avec chaque résultat
Percentile par nombre de réponses
Votre historique - résultats
Vous n’avez pas pris ce quiz